=LDR 00000nam 2200000 4500 =001 INLIS000000000041462 =005 20200929081358 =035 ##$$a 0010-061300000041462 =008 200929################g##########0#ind## =041 ##$$a Ind =082 ##$$a 306.8 =090 ##$$a 646.7, Bam f =100 ##$$a Bambang =245 1#$$a Family discovery way : $b Panduan manajemen keluarga berkualitas /$c Bambang, Hanny Syumanjaya =260 ##$$a Jakarta :$b Gramedia Pustaka Utama,$c 2009 =300 ##$$a xxv 158 hlm, : $b ilus. ; $c 24 x 16 cm. =650 #4$$a Keluarga - Panduan =850 ##$$a NBPNMAT =020 ##$$a 978-979-22-4429-8 =084 ##$$a 306.8 BAM f =700 #$$a Hanny Syumanjaya =990 ##$$a 21106488 =990 ##$$a 21110864 =990 ##$$a 21110865 =990 ##$$a 21106489